[Event "Medellin Easter op 10th"]
[Site "Medellin"]
[Date "2022.04.13"]
[Round "1"]
[White "Dominguez Rincon, Miller Duvan"]
[Black "Cabrera Novoa, Emanuel"]
[Result "1-0"]
[WhiteElo "2022"]
[BlackElo "1416"]
[PlyCount "39"]
[EventDate "2022.04.13"]
[EventType "swiss"]
[EventRounds "8"]
[EventCountry "COL"]
[SourceTitle "CBM 207 Extra"]
[Source "ChessBase"]
[SourceDate "2022.05.31"]
[SourceVersion "1"]
[SourceVersionDate "2022.05.31"]
[SourceQuality "1"]

1. e4 d5 2. exd5 Nf6 3. d4 Bg4 4. f3 Bf5 5. Bd3 Bxd3 6. Qxd3 Qxd5 7. Nc3 Qd7 8. Bg5 Nc6 9. Nge2 0-0-0 10. 0-0-0 Nb4 11. Qd2 e6 12. a3 Nc6 13. d5 exd5 14. Bxf6 gxf6 15. Qxd5 Bh6+ 16. Kb1 Ne5 17. Qa5 Nc6 18. Rxd7 Nxa5 19. Rxf7 Rd6 20. Ne4 1-0

[Event "COL-chT"]
[Site "Medellin"]
[Date "2021.12.10"]
[Round "4.4"]
[White "Cabrera Novoa, Emanuel"]
[Black "Suaza Builes, Oscar A"]
[Result "0-1"]
[WhiteElo "1394"]
[BlackElo "1378"]
[PlyCount "80"]
[EventDate "2021.12.09"]
[EventType "team-swiss"]
[EventRounds "6"]
[EventCountry "COL"]
[SourceTitle "CBM 205 Extra"]
[Source "ChessBase"]
[SourceDate "2022.01.31"]
[SourceVersion "1"]
[SourceVersionDate "2022.01.31"]
[SourceQuality "1"]
[WhiteTeam "Medellin Universidad"]
[BlackTeam "Antioquia Polijic"]
[WhiteTeamCountry "COL"]
[BlackTeamCountry "COL"]

1. e4 d5 2. exd5 Nf6 3. d4 Bg4 4. f3 Bf5 5. g4 Bg6 6. c4 c6 7. Nc3 e6 8. dxe6 fxe6 9. Nge2 Nbd7 10. Nf4 Bf7 11. Qe2 Qe7 12. g5 Nh5 13. Nxh5 Bxh5 14. Bh3 Bf7 15. Bf4 0-0-0 16. c5 h6 17. Ne4 hxg5 18. Nd6+ Kb8 19. Nf5+ gxf4 20. Nxe7 Rxh3 21. Nxc6+ bxc6 22. Qe4 Nf6 23. Qxf4+ Kb7 24. 0-0-0 Rd5 25. Qe3 g6 26. Qb3+ Kc7 27. Qa3 Kb7 28. Qb4+ Kc7 29. Qa3 Kb7 30. Rd3 Nd7 31. Rb3+ Kc7 32. Qxa7+ Kd8 33. Qa8+ Ke7 34. Qxc6 Kf6 35. Rb7 Nxc5 36. Rb5 Nd3+ 37. Kd2 Rxd4 38. Ke3 Rd6 39. Qc3+ e5 40. Ke2 Bh6 0-1

[Event "Antioquia op"]
[Site "Antioquia"]
[Date "2020.03.07"]
[Round "8"]
[White "Moncada Correa, Sara"]
[Black "Cabrera Novoa, Emanuel"]
[Result "1-0"]
[WhiteElo "1804"]
[BlackElo "1380"]
[PlyCount "27"]
[EventDate "2020.03.03"]
[EventType "swiss"]
[EventRounds "9"]
[EventCountry "COL"]
[SourceTitle "CBM 195 Extra"]
[Source "ChessBase"]
[SourceDate "2020.05.31"]
[SourceVersion "1"]
[SourceVersionDate "2020.05.31"]
[SourceQuality "1"]

1. d4 Nf6 2. Nf3 d5 3. c4 e6 4. g3 Be7 5. Bg2 0-0 6. 0-0 dxc4 7. Qc2 a6 8. a4 c5 9. Qxc4 Nbd7 10. Qc2 Rb8 11. Bf4 Ra8 12. dxc5 Bxc5 13. Nc3 Qe7 14. Rad1 1-0

[Event "Pan American-ch School U15"]
[Site "Medellin"]
[Date "2019.11.14"]
[Round "4"]
[White "Diaz Larrea, Juan Manuel"]
[Black "Cabrera Novoa, Emanuel"]
[Result "1-0"]
[WhiteElo "1513"]
[BlackElo "1359"]
[PlyCount "91"]
[EventDate "2019.11.12"]
[EventType "swiss"]
[EventRounds "9"]
[EventCountry "COL"]
[SourceTitle "CBM 193 Extra"]
[Source "ChessBase"]
[SourceDate "2020.01.31"]
[SourceVersion "1"]
[SourceVersionDate "2020.01.31"]
[SourceQuality "1"]

1. d4 Nf6 2. Bf4 d5 3. Nf3 c5 4. e3 Nc6 5. c3 Qb6 6. Qb3 c4 7. Qxb6 axb6 8. Nbd2 Bf5 9. h3 h6 10. g4 Bc2 11. Ne5 e6 12. Bg2 Nxe5 13. Bxe5 Ne4 14. Nxe4 dxe4 15. f3 f6 16. Bg3 exf3 17. Bxf3 Ra5 18. Bxb7 Kd7 19. Kd2 Bg6 20. Bf3 Bd6 21. Bxd6 Kxd6 22. b4 Ra3 23. e4 e5 24. dxe5+ Kxe5 25. Kc2 b5 26. Kb2 Ra7 27. Rhe1 Rd8 28. Rad1 Rad7 29. Rd5+ Kf4 30. Bg2 Kg3 31. Re2 Rxd5 32. exd5 Rd7 33. a4 Bd3 34. Rd2 h5 35. a5 hxg4 36. hxg4 Kxg4 37. a6 Ra7 38. d6 Rxa6 39. d7 Rd6 40. Bc6 f5 41. Bxb5 Kf3 42. Bxc4 Rxd7 43. Rxd3+ Rxd3 44. Bxd3 f4 45. b5 Ke3 46. Kc2 1-0

[Event "COL-ch U20"]
[Site "Medellin"]
[Date "2019.03.16"]
[Round "6"]
[White "Areiza Tabares, Samuel Andres"]
[Black "Cabrera Novoa, Emanuel"]
[Result "1-0"]
[WhiteElo "1563"]
[BlackElo "1306"]
[PlyCount "55"]
[EventDate "2019.03.13"]
[EventType "swiss"]
[EventRounds "7"]
[EventCountry "COL"]
[SourceTitle "CBM 189 Extra"]
[Source "ChessBase"]
[SourceDate "2019.06.03"]
[SourceVersion "1"]
[SourceVersionDate "2019.06.03"]
[SourceQuality "1"]

1. e4 e5 2. Nf3 Nf6 3. Nxe5 d6 4. Nf3 Nxe4 5. Nc3 Nxc3 6. dxc3 Be7 7. Bd3 Nc6 8. h3 Be6 9. Bf4 Qd7 10. Qd2 a6 11. a3 d5 12. 0-0 0-0 13. Nd4 Bc5 14. Rfe1 Rae8 15. Rad1 Nxd4 16. cxd4 Bd6 17. c3 c6 18. Bxd6 Qxd6 19. Re3 b6 20. Rde1 Rc8 21. Bxa6 Ra8 22. Bd3 c5 23. dxc5 bxc5 24. Be4 Rab8 25. Rd3 d4 26. cxd4 c4 27. Rc3 Qc7 28. Qc2 1-0

[Event "COL-ch U20"]
[Site "Medellin"]
[Date "2019.03.16"]
[Round "7"]
[White "Cabrera Novoa, Emanuel"]
[Black "Manrique Bermudez, Josue"]
[Result "0-1"]
[WhiteElo "1306"]
[BlackElo "1319"]
[PlyCount "44"]
[EventDate "2019.03.13"]
[EventType "swiss"]
[EventRounds "7"]
[EventCountry "COL"]
[SourceTitle "CBM 189 Extra"]
[Source "ChessBase"]
[SourceDate "2019.06.03"]
[SourceVersion "1"]
[SourceVersionDate "2019.06.03"]
[SourceQuality "1"]

1. e4 e5 2. Nf3 Nc6 3. Nc3 Nf6 4. Bb5 d6 5. d4 Bd7 6. 0-0 Be7 7. Re1 0-0 8. h3 a6 9. Bxc6 Bxc6 10. dxe5 dxe5 11. Qxd8 Raxd8 12. Nxe5 Rfe8 13. Nxc6 bxc6 14. Bf4 Rb8 15. b3 Bb4 16. Re3 Bc5 17. Re2 Bd4 18. Bxc7 Bxc3 19. Rd1 Rbc8 20. e5 Rxc7 21. exf6 Rcc8 22. Re7 Bxf6 0-1

[Event "Antioquia op-B"]
[Site "Medellin"]
[Date "2017.04.30"]
[Round "6"]
[White "Cabrera Novoa, Emanuel"]
[Black "Zuluaga, Miryam"]
[Result "0-1"]
[WhiteElo "1336"]
[BlackElo "1587"]
[PlyCount "43"]
[EventDate "2017.04.27"]
[EventType "swiss"]
[EventRounds "7"]
[EventCountry "COL"]
[SourceTitle "EXT 2019"]
[Source "ChessBase"]
[SourceDate "2018.10.10"]
[SourceVersion "1"]
[SourceVersionDate "2018.10.10"]
[SourceQuality "1"]

1. e4 e5 2. Nf3 Nc6 3. Nc3 Nf6 4. Bb5 Nd4 5. Nxe5 Nxb5 6. Nxb5 d6 7. Nf3 Be6 8. Nc3 h6 9. d3 Be7 10. Be3 c6 11. d4 d5 12. e5 Nd7 13. Nd2 c5 14. Ne2 cxd4 15. Bxd4 b6 16. f4 Bf5 17. h3 Rc8 18. g4 Bxc2 19. Qc1 Be4 20. Bc3 Bxh1 21. Nb3 Bh4+ 22. Kf1 0-1

[Event "Medellin Aristizabal Cup"]
[Site "Medellin"]
[Date "2016.05.22"]
[Round "7"]
[White "Moncada Correa, Sara"]
[Black "Cabrera Novoa, Emanuel"]
[Result "1-0"]
[WhiteElo "1531"]
[BlackElo "1356"]
[PlyCount "53"]
[EventDate "2016.05.18"]
[EventType "swiss"]
[EventRounds "7"]
[EventCountry "COL"]
[SourceTitle "CBM 172 Extra"]
[Source "ChessBase"]
[SourceDate "2016.06.21"]
[SourceVersion "1"]
[SourceVersionDate "2016.06.21"]
[SourceQuality "1"]

1. e4 e5 2. Nf3 Nc6 3. Bb5 d6 4. d4 exd4 5. Nxd4 Bd7 6. Nc3 Nf6 7. 0-0 Be7 8. h3 0-0 9. Nxc6 Bxc6 10. Bxc6 bxc6 11. Be3 Nd7 12. Qd2 Bf6 13. Bd4 Ne5 14. Rab1 c5 15. Bxe5 Bxe5 16. Nd5 c6 17. Ne3 Qe7 18. Nc4 Rfd8 19. Nxe5 Qxe5 20. Rfe1 Qf6 21. Qe3 Re8 22. Qd3 a5 23. b3 Re6 24. c4 a4 25. bxa4 Rxa4 26. Qb3 Ra6 27. Qb8+ 1-0

[Event "COL-ch Amateur"]
[Site "Medellin Antioquia"]
[Date "2016.03.03"]
[Round "4"]
[White "Pena Mora, Carlos"]
[Black "Cabrera Novoa, Emanuel"]
[Result "1-0"]
[WhiteElo "1618"]
[BlackElo "1375"]
[PlyCount "61"]
[EventDate "2016.02.29"]
[EventType "swiss"]
[EventRounds "9"]
[EventCountry "COL"]
[SourceTitle "EXT 2020"]
[Source "ChessBase"]
[SourceDate "2019.10.17"]
[SourceVersion "1"]
[SourceVersionDate "2019.10.17"]
[SourceQuality "1"]

1. c4 e5 2. Nc3 Nf6 3. Nf3 Nc6 4. d3 Bb4 5. Qc2 Bxc3+ 6. Qxc3 d6 7. Bg5 h6 8. Bxf6 Qxf6 9. g3 0-0 10. Bg2 Bg4 11. h3 Bh5 12. 0-0 Qe6 13. Rfe1 Bxf3 14. exf3 Qd7 15. Kh2 Rfe8 16. b4 Rab8 17. a4 Ne7 18. b5 a6 19. d4 axb5 20. axb5 exd4 21. Qxd4 Nc8 22. f4 Rxe1 23. Rxe1 Nb6 24. c5 dxc5 25. Qxc5 Nc8 26. Bf3 Qd6 27. Re8+ Kh7 28. Qf5+ Qg6 29. Qd7 Qd6 30. Be4+ g6 31. Qxf7# 1-0

[Event "Antioquia Region-ch U12"]
[Site "Medellin"]
[Date "2015.04.30"]
[Round "6.5"]
[White "Cabrera Novoa, Emanuel"]
[Black "Cardona Lopez, Samuel"]
[Result "0-1"]
[WhiteElo "1430"]
[BlackElo "1449"]
[PlyCount "40"]
[EventDate "2015.04.28"]
[EventType "swiss"]
[EventRounds "6"]
[EventCountry "COL"]
[SourceTitle "EXT 2024"]
[Source "ChessBase"]
[SourceDate "2023.10.10"]
[SourceVersion "1"]
[SourceVersionDate "2023.10.10"]
[SourceQuality "1"]

1. e4 c5 2. Nf3 Nc6 3. d4 cxd4 4. Nxd4 g6 5. Nc3 Bg7 6. Be3 Nf6 7. f3 Qb6 8. b3 Nh5 9. g4 Nxd4 10. Bxd4 Qxd4 11. Qd2 Qxc3 12. Qxc3 Bxc3+ 13. Kd1 Bxa1 14. gxh5 gxh5 15. Bd3 Bc3 16. f4 b6 17. Rg1 f6 18. Bc4 Bb7 19. Ke2 0-0-0 20. Rg3 a6 0-1

[Event "Antioquia Region-ch U12"]
[Site "Medellin"]
[Date "2015.04.30"]
[Round "5.6"]
[White "Cabrera Novoa, Emanuel"]
[Black "Orrego, David"]
[Result "1-0"]
[WhiteElo "1430"]
[BlackElo "1318"]
[PlyCount "27"]
[EventDate "2015.04.28"]
[EventType "swiss"]
[EventRounds "6"]
[EventCountry "COL"]
[SourceTitle "EXT 2024"]
[Source "ChessBase"]
[SourceDate "2023.10.10"]
[SourceVersion "1"]
[SourceVersionDate "2023.10.10"]
[SourceQuality "1"]

1. e4 c6 2. d4 d5 3. exd5 cxd5 4. Bd3 Nc6 5. c3 Nf6 6. Bg5 h6 7. Bh4 e6 8. Nf3 Be7 9. 0-0 0-0 10. Nbd2 Qd7 11. Re1 Rd8 12. Qc2 a6 13. Rad1 b5 14. Bxf6 1-0